Dicionário da língua portuguesa (Registo nº 11)
[ vista simples ]
| 000 -Etiqueta do registo | |
|---|---|
| Cabeçalho | 00908cam a2200337 4500 |
| 005 - Identificador da versão | |
| Campo de controlo | 20240813121752.0 |
| 010 ## - Número internacional normalizado dos livros (ISBN) | |
| Número (ISBN) | 9720050020 |
| 021 ## - Número do Depósito Legal | |
| Código do país | PT |
| Número | 151886/00 |
| 035 ## - Other System Control Numbers | |
| System Control Number | 0000011 |
| System Control Number | 0000011 |
| System Control Number | 0000011 |
| System Control Number | 0000011 |
| 100 ## - Dados gerais de processamento | |
| Dados gerais de processamento | 20010207e20001998m y0pory5003 ba |
| 102 ## - Pais de publicação ou produção | |
| País de publicação | Portugal |
| 101 0# - Língua de publicação | |
| Língua do texto, banda sonora, etc. | Português |
| 106 ## - Campo de dados codificados: material textual | |
| Dados codificados do material textual | r |
| 105 ## - Campo de dados codificados: livros | |
| Dados codificados dos livros | y e 001yy |
| 215 ## - Descrição física | |
| Indicação específica da natureza do documento e extensão da espécie | 1794 p. a 2 colns |
| Dimensões | 26 cm |
| 200 1# - Titulo e menção de responsabilidade | |
| Título próprio | Dicionário da língua portuguesa |
| Primeira menção de responsabilidade | J. Almeida Costa e A. Sampaio e Melo |
| 225 2# - Colecção | |
| Título próprio da colecção | Dicionários Editora |
| 205 ## - Menção da edição | |
| Menção da edição | 8ª ed. rev. e actualizada |
| Outras menções de edição | [5ª reimp.] |
| 210 ## - Publicação, Distribuição, etc. | |
| Lugar da edição, distribuição, etc. | Porto |
| Nome do editor, distribuidor, etc. | Porto Editora |
| Data da publicação, distribuição, etc. | 2000 |
| 675 ## - Classificação Decimal Universal (CDU) | |
| Notação | 811.134.3(038) |
| Edição | BN |
| Língua da edição | por |
| Edição | BN |
| Língua da edição | por |
| 701 ## - Nome de autor-pessoa física (co-responsabilidade principal) | |
| Palavra de ordem | Melo |
| Outra parte do nome não tomada para palavra de ordem | A. Sampaio e |
| Código de função | Autor / Co-autor |
| 700 ## - Nome de autor-pessoa física (responsabilidade principal) | |
| Número de registo de entrada de autoridade | 0000039 |
| Palavra de ordem | Costa |
| Outra parte do nome não tomada para palavra de ordem | Joaquim Almeida |
| 966 ## - Identificação da Biblioteca | |
| Sigla | NUMETECA |
| 942 ## - Elementos de entrada adicionados (Koha) | |
| Tipo de item no Koha | Livro |
| Situação do levantamento | Origin of item (home branch) (coded) | Biblioteca de empréstimo | Código de barras | Cota | Circulation type (not for loan) | Tipo de documento | Nota do exemplar | Damaged status |
|---|---|---|---|---|---|---|---|---|
| Biblioteca Escolar Eng. Nuno Mergulhão | Biblioteca Escolar Eng. Nuno Mergulhão | BENM49 | 811 | Cativo | Sem mensagem | |||
| Biblioteca Escolar Eng. Nuno Mergulhão | Biblioteca Escolar Eng. Nuno Mergulhão | BENM50 | 0DIC | Cativo | Sem mensagem | |||
| Biblioteca Escolar Eng. Nuno Mergulhão | Biblioteca Escolar Eng. Nuno Mergulhão | BENM51 | 0DIC | Cativo | Sem mensagem | |||
| Biblioteca Escolar Eng. Nuno Mergulhão | Biblioteca Escolar Eng. Nuno Mergulhão | BENM52 | 0DIC | Cativo | Sem mensagem | |||
| Biblioteca Escolar Eng. Nuno Mergulhão | Biblioteca Escolar Eng. Nuno Mergulhão | BENM53 | 0DIC | Cativo | Sem mensagem | |||
| Biblioteca Escolar Eng. Nuno Mergulhão | Biblioteca Escolar Eng. Nuno Mergulhão | BENM54 | 0DIC | Cativo | Sem mensagem | |||
| Biblioteca Escolar Eng. Nuno Mergulhão | Biblioteca Escolar Eng. Nuno Mergulhão | BENM55 | 0DIC | Cativo | Sem mensagem | |||
| Biblioteca Escolar Eng. Nuno Mergulhão | Biblioteca Escolar Eng. Nuno Mergulhão | BENM56 | 0DIC | Cativo | Sem mensagem | |||
| Biblioteca Escolar Eng. Nuno Mergulhão | Biblioteca Escolar Eng. Nuno Mergulhão | BENM57 | 811 | Cativo | Sem mensagem |
